| 000 | 00850nam a22002537a 4500 | ||
|---|---|---|---|
| 005 | 20250407115816.0 | ||
| 008 | 250407b |||||||| |||| 00| 0 eng d | ||
| 020 | _a978 1 0353 2915 1 (pbk) | ||
| 037 | _cTB | ||
| 040 |
_aCRL _cCRL |
||
| 041 |
_2eng _aeng |
||
| 084 | _aW,8 R2 | ||
| 100 | _aPeters, B. Guy | ||
| 245 | _aResearch agenda for governance | ||
| 260 |
_aChettenham, UK: _bEdward Elgar Publishing, _c2022, |
||
| 300 | _avii, 237p. | ||
| 365 |
_b32.95 _cUKP |
||
| 650 | _aPolitical Science | ||
| 700 |
_aPierre, Jon (Author) _9751872 |
||
| 700 |
_aSorensen, Eva (Author) _9751873 |
||
| 700 |
_aTorfing, Jacob (Author) _9751874 |
||
| 942 |
_2CC _cTB _hW,8 R2 _n0 |
||
| 999 |
_c1308483 _d1308483 |
||